Logo samochodów (trudne) - Statystyki

Ogólne statystyki
  • Ten quiz został rozwiązany 325 razy
  • Średni wynik to 9 z 18
Statystyki odpowiedzi
Obrazkowy Odpowiedź % Poprawnych
Saab
78%
Infiniti
75%
Brabus
74%
Daewoo
74%
Abarth
67%
Acura
61%
TATA
52%
Koenigsegg
50%
Shelby
45%
Vauxhall
45%
FSO
44%
Daihatsu
41%
Lincoln
41%
Ssangyong
37%
Lada
32%
Scion
24%
Rimac
23%
DeLorean
22%
Nie znaleziono quizów pasujących do podanych kryteriów
Rozkład punktacji
Procent ludzi z każdym wynikiem
Percentyl według liczby udzielonych odpowiedzi
Twoja historia wyników
Nie rozwiązałeś tego quizu